000 01450cam a2200349 a 4500
001 000013222
005 20200929163152.0
008 950822s1994 cu b 000 0 spa d
020 _a9590400272
035 _a(DLC) 95194582
035 _a(OCoLC)32896351
035 _a(NOTISUF)AKK3311
040 _aDO-SdBNP
_cFU
_dDLC
_dBNPHU
082 _a333.7980
_bC355t
100 1 _aCastro H., Guillermo,
_d1950-
_930345
245 1 4 _aLos trabajos de ajuste y combate :
_bnaturaleza y sociedad en la historia de América Latina /
_cGuillermo Castro Herrera ; Edición de César Ramos.
260 _aCiudad de La Habana :
_bCasa de las Americas;
_bColcultura,
_c1994.
300 _a287 p. ;
_c19 cm.
490 1 _aEnsayo historico-social
586 _a"Premio Casa de las Américas. 1994"
500 _a"Este libro es fruto de la colaboración entre el Instituto Colombiano de Cultura (Colcultura) y la Casa de las Américas, de Cuba."-- Verso t.p.
504 _aBibliografía: (p. [255]-287).
650 4 _aRecursos naturales
_zAmérica Latina
_930346
650 4 _aDesarrollo económico
_xAspectos ambientales
_zAmérica Latina
_930347
650 4 _aEcología humana
_zAmérica Latina
_930348
651 4 _aAmérica Latina
_xHistoria
_91786
651 4 _aAmérica Latina
_xCondiciones Sociales
_95034
700 1 _aCésar Ramos,
_eed.
_930349
830 0 _aEnsayo historico-social.
_926496
910 _aCatalogación por copia /LC
049 _aBNGR
999 _c12854
_d12854